Cosmo Dictionary of Psychology (Record no. 347174)

000 -LEADER
fixed length control field 00420 a2200169 4500
020 ## - INTERNATIONAL STANDARD BOOK NUMBER
International Standard Book Number 8177559699
022 ## - INTERNATIONAL STANDARD SERIAL NUMBER
International Standard Serial Number 9788177559699
082 ## - DEWEY DECIMAL CLASSIFICATION NUMBER
Classification number 150.3
090 ## - LOCALLY ASSIGNED LC-TYPE CALL NUMBER (OCLC); LOCAL CALL NUMBER (RLIN)
-- 4742
-- 4742
100 ## - MAIN ENTRY--PERSONAL NAME
Personal name Cosmo Publications
245 ## - TITLE STATEMENT
Title Cosmo Dictionary of Psychology
Statement of responsibility, etc. Cosmo Publications
250 ## - EDITION STATEMENT
Edition statement 1st
260 ## - PUBLICATION, DISTRIBUTION, ETC.
Place of publication, distribution, etc. New Delhi
Name of publisher, distributor, etc. Cosmo Publications
Date of publication, distribution, etc. 2005
300 ## - PHYSICAL DESCRIPTION
Extent 314p
500 ## - GENERAL NOTE
General note Hard cover
942 ## - ADDED ENTRY ELEMENTS (KOHA)
Institution code [OBSOLETE] NBS
Koha item type Book
Call number prefix 150.3 COS
Holdings
Withdrawn status Lost status Damaged status Not for loan Permanent Location Current Location Date acquired Total Checkouts Full call number Barcode Date last seen Price effective from Koha item type
        Central Library (CL) Central Library (CL) 08/28/2013   150.3 COS NBS6532 08/28/2013 08/28/2013 Book
© 2023 Central Library, National University of Sciences and Technology. All Rights Reserved.